000 00525nam a2200157 i 4500
001 62877
003 ES-MaACL
007 t|
008 031126s1913 sp ||||1| spa d
100 1 _aFernández Coello de Portugal, Antonio.
_949586
245 1 0 _aDe mi carpeta
_b: ensayos /
_cAntonio Fernández Coello de Portugal ; prólogo de José Roselló y Alemany.
260 _a[Madrid :
_bs.n.,
_c1913] (
_fJ. F. Zabala)
300 _a103 p. ;
_c19 cm.
700 1 _aRoselló y Alemany, José.
_999701
852 _aES-MaACL
_jG-3195
999 _c62877
_d62877